Winnie the Pooh Gone Missing! Quiz Stats

 Plays Quiz Updated Aug 3, 2018

Challenge
Share
Tweet
Embed
Score 0/10 Timer 04:00
2 Plays Today
Chapter Missing Word % Correct
Chapter Four, in which Eeyore loses a ____ and Pooh finds one???
83%
Chapter Two, in which Pooh goes visiting and gets into a ____???
76.1%
Chapter Three, in which Pooh and Piglet go hunting and nearly catch a ____???
74%
Chapter Nine, in which Piglet is entirely surrounded by ____???
71.2%
Chapter Five, in which Piglet meets a ____???
69.3%
Chapter Seven, in which ____ come to the Forest, and Piglet has a bath???
67.8%
Chapter One, in which we are introduced to Winnie-the-Pooh and some ____, and the stories begin???
58.1%
Chapter Six, in which Eeyore has a birthday and gets two ____???
48.5%
Chapter Ten, in which Christopher Robin gives a Pooh party and we say ____???
47.7%
Chapter Eight, in which Christopher Robin leads an expedition to ____???
40.3%

You're not logged in!

Compare scores with friends on all Sporcle quizzes.
OR
Log In

You Might Also Like...

Show Comments

Extras

Top Quizzes Today


Score Distribution

Your Account Isn't Verified!

In order to create a playlist on Sporcle, you need to verify the email address you used during registration. Go to your Sporcle Settings to finish the process.

Report this User

Report this user for behavior that violates our Community Guidelines.

Details: